000
00461nam a2200181Ia 4500
008
100917s9999 xx 000 0 und d
082
_b
9575
100
_a
जोशी मृणालिनी
245
_a
मुक्ताई
260
_b
---
_c
1971
300
_a
228
365
_b
10
520
_a
कादंबरी
630
_a
मुक्ताई
650
_a
कादंबरी
730
_a
मुक्ताई
942
_c
BOOK
999
_c
614969
_d
614966